Animal tracks / (Record no. 2062)
[ view plain ]
| 000 -LEADER | |
|---|---|
| fixed length control field | 00728nam a22002537a 4500 |
| 005 - DATE AND TIME OF LATEST TRANSACTION | |
| control field | 20240507141452.0 |
| 020 ## - INTERNATIONAL STANDARD BOOK NUMBER | |
| International Standard Book Number | 0590433660 |
| 040 ## - CATALOGING SOURCE | |
| Original cataloging agency | FISKH |
| Language of cataloging | eng |
| Transcribing agency | FISKH |
| Modifying agency | FISKH |
| 050 ## - LIBRARY OF CONGRESS CALL NUMBER | |
| Classification number | QL768.D67 |
| 082 ## - DEWEY DECIMAL CLASSIFICATION NUMBER | |
| Classification number | 591 |
| 100 ## - MAIN ENTRY--PERSONAL NAME | |
| Personal name | Dorros, Arthur |
| 245 ## - TITLE STATEMENT | |
| Title | Animal tracks / |
| Statement of responsibility, etc. | Written and illustrated by Arthur Dorros |
| 260 ## - PUBLICATION, DISTRIBUTION, ETC. | |
| Name of publisher, distributor, etc. | Scholastic, |
| Date of publication, distribution, etc. | 1991 |
| Place of publication, distribution, etc. | New York : |
| 300 ## - PHYSICAL DESCRIPTION | |
| Dimensions | 21 x 26 cm |
| Extent | 33 unnumbred pages : |
| 505 ## - FORMATTED CONTENTS NOTE | |
| Formatted contents note | K |
| 520 ## - SUMMARY, ETC. | |
| Summary, etc. | Introduces the tracks and signs left by various animals, including the raccoon, duck, frog, black bear, and human. |
| 521 ## - TARGET AUDIENCE NOTE | |
| Target audience note | 540 |
| Source | Lexile |
| 521 ## - TARGET AUDIENCE NOTE | |
| Target audience note | K |
| Source | Raz-Plus |
| 650 ## - SUBJECT ADDED ENTRY--TOPICAL TERM | |
| Topical term or geographic name entry element | Animals |
| 650 ## - SUBJECT ADDED ENTRY--TOPICAL TERM | |
| Topical term or geographic name entry element | Wild Animals |
| 650 ## - SUBJECT ADDED ENTRY--TOPICAL TERM | |
| Topical term or geographic name entry element | Animal prints |
| 942 ## - ADDED ENTRY ELEMENTS (KOHA) | |
| Source of classification or shelving scheme | Dewey Decimal Classification |
| Koha item type | Books |
| Suppress in OPAC | No |
| 999 ## - | |
| -- | 2062 |
| -- | 2062 |
| Withdrawn status | Lost status | Source of classification or shelving scheme | Damaged status | Not for loan | Collection | Home library | Current library | Shelving location | Date acquired | Total Checkouts | Full call number | Barcode | Date last seen | Date last checked out | Copy number | Price effective from | Koha item type |
|---|---|---|---|---|---|---|---|---|---|---|---|---|---|---|---|---|---|
| Dewey Decimal Classification | Non-Fiction | Footprints International School Library Network Toul Kork Campus | Footprints International School Library Network Toul Kork Campus | TK Primary Library Room(4th Floor), Bookcase 3&4, Shelves 17-32, Yellow Books | 11/03/2023 | 1 | DOR 591 QL768.D67 | FISTK02161 | 11/20/2024 | 11/06/2024 | 1 | 11/03/2023 | Books | ||||
| Dewey Decimal Classification | Non-Fiction | Footprints International School Library Network Toul Kork Campus | Footprints International School Library Network Toul Kork Campus | 11/03/2023 | DOR 591 QL768.D67 | FISBK05289 | 05/07/2024 | 2 | 11/03/2023 | Books |
